Dos veces Alicia
Saved in:
| Hovedforfatter: | |
|---|---|
| Format: | Bog |
| Sprog: | spansk |
| Udgivet: |
Barcelona
Barral
1972
|
| Fag: | |
| Tags: |
Tilføj Tag
Ingen Tags, Vær først til at tagge denne postø!
|
MARC
| LEADER | 00000nam a2200000 a 4500 | ||
|---|---|---|---|
| 001 | UCQ6554 | ||
| 003 | CL-VaPUC | ||
| 008 | 981016e19720000SP |||||||||||||||||spa|d | ||
| 082 | 0 | 4 | |a Co863 |b ANG |2 21 |
| 100 | 0 | |a Angel, Albalucía |e author |9 420458 | |
| 245 | 1 | 0 | |a Dos veces Alicia |
| 300 | |a 161 p | ||
| 942 | |c BK | ||
| 945 | |d 19981016 00:00:00 |a crobeson | ||
| 260 | |a Barcelona |b Barral |c 1972 | ||
| 650 | 0 | |a Novelas colombianas |9 266734 | |
| 650 | 0 | |a Literatura colombiana |9 315578 | |
| 583 | |a last modification |c 19981016 00:00:00 |k Rodrigo Vera | ||
| 999 | |c 276504 |d 276502 | ||
| 952 | |0 0 |1 0 |4 0 |6 CO_863_000000000000000_ANG_1972 |7 0 |8 A |9 313773 |a BIBEDU |b BIBEDU |d 2019-11-20 |i 1484133 |o Co863 ANG 1972 |p 1484133 |r 2019-11-20 |w 2019-11-20 |y BK |k LIT | ||